Top 10 najbogatszych państw Europy - Statystyki

Ogólne statystyki
  • Ten quiz został rozwiązany 6 040 razy
  • Średni wynik to 7 z 10
Statystyki odpowiedzi
PKB na mieszkańca Państwo % Poprawnych
$91 900 Szwajcaria
88%
$203 000 Monako
86%
$144 000 Luksemburg
85%
$134 000 Liechtenstein
83%
$82 800 Norwegia
81%
$74 200 Holandia
71%
$77 600 Dania
70%
$87 000 San Marino
67%
$73 800 Islandia
60%
$134 000 Irlandia
57%
Nie znaleziono quizów pasujących do podanych kryteriów
Rozkład punktacji
Procent ludzi z każdym wynikiem
Percentyl według liczby udzielonych odpowiedzi
Twoja historia wyników
Nie rozwiązałeś tego quizu